| 000 -LEADER |
| fixed length control field |
00679nam a22001817a 4500 |
| 005 - DATE AND TIME OF LATEST TRANSACTION |
| control field |
20221017114308.0 |
| 008 - FIXED-LENGTH DATA ELEMENTS--GENERAL INFORMATION |
| fixed length control field |
221017s2011ge xxu||||| |||| 00| 0 ger d |
| 020 ## - INTERNATIONAL STANDARD BOOK NUMBER |
| International Standard Book Number |
9783050045412 |
| 080 ## - UNIVERSAL DECIMAL CLASSIFICATION NUMBER |
| Universal Decimal Classification number |
821.112.2 T-24 |
| 100 ## - MAIN ENTRY--PERSONAL NAME |
| Personal name |
Tausch, Harald. |
| 9 (RLIN) |
15331 |
| 245 ## - TITLE STATEMENT |
| Title |
Literatur um 1800 : |
| Remainder of title |
Klassisch-romantische Moderne / |
| Statement of responsibility, etc. |
Tausch Harald. |
| 264 ## - PRODUCTION, PUBLICATION, DISTRIBUTION, MANUFACTURE, AND COPYRIGHT NOTICE |
| Place of production, publication, distribution, manufacture |
Berlin: |
| Name of producer, publisher, distributor, manufacturer |
Akademie Verlag, |
| Date of production, publication, distribution, manufacture, or copyright notice |
2011. |
| 300 ## - PHYSICAL DESCRIPTION |
| Extent |
259 p.: |
| Other physical details |
23 cm. |
| 653 ## - INDEX TERM--UNCONTROLLED |
| keyword |
Literatur um 1800 : Klassisch-romantische Moderne |
| 653 ## - INDEX TERM--UNCONTROLLED |
| keyword |
კლასიკურ-რომანტიკული მოდერნიზმი |
| 653 ## - INDEX TERM--UNCONTROLLED |
| keyword |
გერმანული ლიტერატურა |
| 942 ## - ADDED ENTRY ELEMENTS (KOHA) |
| Source of classification or shelving scheme |
|
| Koha item type |
წიგნი |